Quiz Star wars facile - Statistiques

Statistiques générales
  • Ce quiz a été pris 52 fois
  • Le résultat moyen est 12 sur 15
Statistiques - réponses
Question Réponse % Correct
qui as tué Han Solo ? Ben solo
96%
Qui as detruit l'etoile noire ? luke
96%
Qui as tué Qui Gon Jin ? Dark Maul
92%
qui est le contrebandier accompagné d'un wookie ? Han solo
92%
quel est le nom du sith de l'episode 7, 8 , 9 ? kylo ren
92%
qui as sauvé Dark Vador ? luke
92%
qui as un sabre violet ? mace windu
92%
qui as ete dans les epiodes 3,4,5,6,7,8,9 ? chewbacca
88%
qui as tue le general grievous ? obi wan
82%
Qui as été le padawan de Yoda ? Dooku
76%
Qui as formé Ben Solo ? Luke
76%
qui etait l'eclave de watoo ? anakin
73%
quel est le theme de Dark Vador ? la marche imperial
67%
qui est un droide ? k2so
49%
qui as été envoyer dans les regions inconnues avec l'amiral Thrawn ? ezra bridger
41%
Aucun quiz correspondant
Distribution des résultats
% des personnes avec chaque résultat
Percentile par nombre de réponses
Votre historique - résultats
Vous n’avez pas pris ce quiz